|
|
|
|
| LEADER |
00000nam0a2200000 4500 |
| 001 |
198720 |
| 005 |
20231101224833.0 |
| 010 |
|
|
|a 9785922112628
|
| 035 |
|
|
|a (RuTPU)RU\TPU\book\216732
|
| 090 |
|
|
|a 198720
|
| 100 |
|
|
|a 20110707d2011 k y0rusy50 ca
|
| 101 |
0 |
|
|a rus
|
| 102 |
|
|
|a RU
|
| 105 |
|
|
|a a z 001zy
|
| 200 |
1 |
|
|a Радиоволны рассказывают о Вселенной
|f С. Я. Брауде, В. М. Конторович
|
| 210 |
|
|
|a Москва
|c Физматлит
|d 2011
|
| 215 |
|
|
|a 240 с.
|c ил.
|
| 320 |
|
|
|a Библиогр.: с. 237-239.
|
| 330 |
|
|
|a Книга рассказывает о достижениях современной радиоастрономии. В популярной форме изложены наблюдательные и теоретические данные о радиогалактиках, квазарах, пульсарах, космических мазерах и других космических объектах, излучающих радиоволны. Рассмотрены пути эволюции звезд, взрывы сверхновых и радиоизлучение их остатков, возникновение белых карликов и нейтронных звезд, явления в центрах галактик и слияния галактик, ответственные за возникновение радиогалактик и квазаров. Обсуждается радиоизлучение Солнца, в том числе связанное со вспышками, и радиоизлучение планет. Излагается современная точка зрения на эволюцию Вселенной, происхождение оставшегося от Большого Взрыва реликтового излучения и его анизотропии. Отдельная глава посвящена описанию радиотелескопов. Рассчитана на студентов, преподавателей и всех интересующихся проблемами современной науки.
|
| 600 |
|
1 |
|a Брауде
|b С. Я.
|c физик
|f 1911-2003
|g Семен Яковлевич
|2 stltpush
|3 (RuTPU)RU\TPU\pers\28791
|9 13581
|
| 606 |
1 |
|
|a Радиоастрономия
|2 stltpush
|3 (RuTPU)RU\TPU\subj\22514
|9 47263
|
| 610 |
1 |
|
|a Вселенная
|
| 610 |
1 |
|
|a радиоволны
|
| 610 |
1 |
|
|a астрономия
|
| 610 |
1 |
|
|a радиотелескопы
|
| 610 |
1 |
|
|a Солнечная система
|
| 610 |
1 |
|
|a радиация
|
| 610 |
1 |
|
|a Наша Галактика
|
| 675 |
|
|
|a 520.2
|v 3
|
| 700 |
|
1 |
|a Брауде
|b С. Я.
|g Семен Яковлевич
|
| 701 |
|
1 |
|a Конторович
|b В. М.
|g Виктор Моисеевич
|
| 801 |
|
1 |
|a RU
|b 63413507
|c 20110707
|
| 801 |
|
2 |
|a RU
|b 63413507
|c 20111007
|g RCR
|
| 942 |
|
|
|c BK
|
| 959 |
|
|
|a 47/20110505
|d 1
|e 550,00
|f ЧЗТЛ:1
|